The Tourist Business (Record no. 835)

MARC details
005 - DATE AND TIME OF LATEST TRANSACTION
control field 20250317165943.0
020 ## - INTERNATIONAL STANDARD BOOK NUMBER
International Standard Book Number 0-442-23376-0
082 ## - DEWEY DECIMAL CLASSIFICATION NUMBER
Classification number 380.145 LUN
100 ## - MAIN ENTRY--PERSONAL NAME
Author name LUNDBERG, D. E.
245 ## - TITLE STATEMENT
Title The Tourist Business
250 ## - EDITION STATEMENT
Edition statement 6th Ed.
260 ## - PUBLICATION, DISTRIBUTION, ETC.
Place of publication, distribution, etc. New York,
Name of publisher, distributor, etc. Van Nostrand Reinhold,
Date of publication, distribution, etc. 1990.
300 ## - PHYSICAL DESCRIPTION
Extent ix, 339p.: figure, ill,; maps
Other physical details Index, references
Dimensions 28cm.
942 ## - ADDED ENTRY ELEMENTS (KOHA)
Source of classification or shelving scheme Dewey Decimal Classification
Koha item type Books
Holdings
Date last seen Total checkouts Full call number Barcode Cost, replacement price Price effective from Koha item type Lost status Source of classification or shelving scheme Damaged status Not for loan Withdrawn status Home library Current library Shelving location Date acquired Cost, normal purchase price
03/17/2025   380.145 LUN 0000003257 30000.00 03/17/2025 Books   Dewey Decimal Classification       College of Business Education Main Library College of Business Education Main Library General Collection 03/17/2025 10000.00